00325nam a22001217a 4500082003400000100001900034245004000053250000800093260003400101300002300135526003700158650000800195 a358.40095491bSTOcL-28, P-69 aMohammad Afzal aStory of PAF HeroescMohammad Afzal a1st aLahorebSayyarah Digestc1967 a153, pbill,c22cm a0b0c0d358_400954910000000_STO aMCE